Algún día / (Registro nro. 30391)

Detalles MARC
000 -LEADER
fixed length control field 00361nam a22001337a 4500
003 - CONTROL NUMBER IDENTIFIER
control field OSt
005 - DATE AND TIME OF LATEST TRANSACTION
control field 20231127223337.0
008 - FIXED-LENGTH DATA ELEMENTS--GENERAL INFORMATION
fixed length control field 231127b |||||||| |||| 00| 0 eng d
040 ## - CATALOGING SOURCE
Transcribing agency CO-JMCR
082 ## - DEWEY DECIMAL CLASSIFICATION NUMBER
Classification number C
Item number MCGA
100 ## - MAIN ENTRY--PERSONAL NAME
Personal name Mcgheee, Alison y Reynolds, Peter H.
Relator term Autor
9 (RLIN) 42980
245 ## - TITLE STATEMENT
Title Algún día /
Statement of responsibility, etc. Alison Mcghee y Peter H. Reynolds
942 ## - ADDED ENTRY ELEMENTS (KOHA)
Source of classification or shelving scheme Dewey Decimal Classification
Koha item type Books
Existencias
Withdrawn status Lost status Source of classification or shelving scheme Damaged status Not for loan Collection code Home library Current library Date acquired Total Checkouts Full call number Barcode Date last seen Copy number Price effective from Koha item type Public note
    Dewey Decimal Classification     Fiction Biblioteca Pública José María del Castillo y Rada Biblioteca Pública José María del Castillo y Rada 11/27/2023   C MCGA 35714005548043 11/27/2023 Ej. 1 11/27/2023 Books Material interbibliotecario Bibliored